| 000 | 00507nam a2200205Ia 4500 | ||
|---|---|---|---|
| 003 | 0100 | ||
| 008 | 130303s9999 xx 000 0 und d | ||
| 020 | _a0806623004 | ||
| 040 | _cARRUPELIB | ||
| 050 | _aBR115.J8L4 1987 | ||
| 100 | _aLebacqz Karen | ||
| 245 | _aJustice in an unjust World | ||
| 245 | _bfoundation for a christian approach to justice | ||
| 260 | _aMinneapolis | ||
| 260 | _bAugsburg Publishing House | ||
| 260 | _C1987 | ||
| 300 | _a192p. | ||
| 300 | _b 22cm | ||
| 942 |
_2lcc _02 |
||
| 999 |
_c63238 _d63238 |
||